000
00288nam a22001337a 4500
008
170920b xxu||||| |||| 00| 0 eng d
020
_a
9780471715061
041
_a
eng
080
_a
7
100
_a
45
101
_a
ART
245
_a
GRAPHIC DESIGNER
_c
HELLER.S
942
_2
udc
_c
BK
999
_c
28576
_d
28576